Practical lubrication (Record no. 12355)

MARC details
000 -LEADER
fixed length control field 00204nam a22001097a 4500
082 ## - DEWEY DECIMAL CLASSIFICATION NUMBER
Classification number PUG
100 ## - MAIN ENTRY--AUTHOR NAME
Personal name Pugg B
245 ## - TITLE STATEMENT
Title Practical lubrication
260 ## - PUBLICATION, DISTRIBUTION, ETC. (IMPRINT)
Place of publication London
Year of publication 1970
300 ## - PHYSICAL DESCRIPTION
Number of Pages 204
942 ## - ADDED ENTRY ELEMENTS (KOHA)
Koha item type Books
Holdings
Withdrawn status Lost status Home library Current library Date acquired Cost, normal purchase price Full call number Accession Number Koha item type
    Seminar Library, Mechanical Engg. Seminar Library, Mechanical Engg. 12/02/2015 111.60 PUG 7226 Books